[Event "London Classic op 10th"]
[Site "London"]
[Date "2018.12.15"]
[Round "7"]
[White "Dauletova, Gulmira"]
[Black "Cavendish, Joshua"]
[Result "1-0"]
[WhiteElo "2261"]
[BlackElo "1944"]
[PlyCount "61"]
[EventDate "2018.12.09"]
[EventType "swiss"]
[EventRounds "9"]
[EventCountry "ENG"]
[SourceTitle "CBM 187 Extra"]
[Source "ChessBase"]
[SourceDate "2018.11.04"]
[SourceVersion "1"]
[SourceVersionDate "2018.11.04"]
[SourceQuality "1"]

1. e4 e5 2. Nf3 Nc6 3. Bb5 a6 4. Ba4 Nf6 5. 0-0 Be7 6. Re1 b5 7. Bb3 0-0 8. a4 Bb7 9. d3 Re8 10. Nc3 b4 11. Nd5 Na5 12. Nxe7+ Qxe7 13. Ba2 h6 14. Nh4 d5 15. Qf3 Bc8 16. h3 b3 17. Bd2 Nxe4 18. Bxa5 bxa2 19. dxe4 Qxh4 20. exd5 Qxa4 21. Bxc7 Qxc2 22. Bxe5 f6 23. Rec1 Qg6 24. Bg3 Bb7 25. Rxa2 Rad8 26. Ra5 Qf7 27. Rd1 Rd7 28. Qd3 Bxd5 29. Rxd5 Rxd5 30. Qxd5 Re1+ 31. Kh2 1-0

[Event "London Classic op 10th"]
[Site "London"]
[Date "2018.12.09"]
[Round "1"]
[White "Cavendish, Joshua"]
[Black "Gschnitzer, Adrian"]
[Result "0-1"]
[WhiteElo "1944"]
[BlackElo "2374"]
[PlyCount "48"]
[EventDate "2018.12.09"]
[EventType "swiss"]
[EventRounds "9"]
[EventCountry "ENG"]
[SourceTitle "CBM 187 Extra"]
[Source "ChessBase"]
[SourceDate "2018.11.04"]
[SourceVersion "1"]
[SourceVersionDate "2018.11.04"]
[SourceQuality "1"]

1. e4 c5 2. Nf3 Nc6 3. Bb5 g6 4. Bxc6 bxc6 5. 0-0 Bg7 6. Re1 Nh6 7. c3 0-0 8. d4 cxd4 9. cxd4 d5 10. e5 f6 11. h3 fxe5 12. Nxe5 Qb6 13. b3 Nf7 14. Bf4 c5 15. Nc3 cxd4 16. Na4 Qf6 17. Qxd4 Qh4 18. Rac1 Nxe5 19. Qxd5+ e6 20. Qxa8 Qxf4 21. Qxa7 Nf3+ 22. gxf3 Bd4 23. Qa8 Qg3+ 24. Kh1 Bxf2 0-1

[Event "Pula op 31st"]
[Site "Pula"]
[Date "2017.09.12"]
[Round "5"]
[White "Cavendish, Joshua"]
[Black "Vypkhaniuk, Igor"]
[Result "0-1"]
[WhiteElo "1870"]
[BlackElo "2351"]
[PlyCount "42"]
[EventDate "2017.09.09"]
[EventType "swiss"]
[EventRounds "9"]
[EventCountry "CRO"]
[SourceTitle "CBM 180 Extra"]
[Source "ChessBase"]
[SourceDate "2017.10.06"]
[SourceVersion "1"]
[SourceVersionDate "2017.10.06"]
[SourceQuality "1"]

1. e4 d6 2. Nc3 e5 3. Bc4 Nc6 4. f4 Be6 5. Bxe6 fxe6 6. d3 Qf6 7. Nh3 Qh4+ 8. Kf1 Be7 9. Be3 Nh6 10. Bf2 Qf6 11. Qh5+ Kd7 12. g3 Qg6 13. Qxg6 hxg6 14. Kg2 Ng4 15. Rhf1 Rh5 16. Ne2 Nb4 17. Rfc1 Rxh3 18. Kxh3 Nxf2+ 19. Kg2 Ng4 20. a3 Nxc2 21. Ra2 Nd4 0-1

[Event "BCF-chT4 1516 (4NCL)"]
[Site "England"]
[Date "2016.02.13"]
[Round "5.177"]
[White "Steele, Rhys"]
[Black "Cavendish, Joshua"]
[Result "1-0"]
[WhiteElo "1855"]
[BlackElo "1922"]
[PlyCount "109"]
[EventDate "2015.11.14"]
[EventType "team-swiss"]
[EventRounds "11"]
[EventCountry "ENG"]
[SourceTitle "EXT 2017"]
[Source "ChessBase"]
[SourceDate "2016.10.25"]
[SourceVersion "1"]
[SourceVersionDate "2016.10.25"]
[SourceQuality "1"]
[WhiteTeam "West is Best II"]
[BlackTeam "Barnet Knights"]
[WhiteTeamCountry "ENG"]
[BlackTeamCountry "ENG"]

1. d4 Nf6 2. c4 e5 3. dxe5 Ng4 4. Bf4 Nc6 5. Nf3 Bb4+ 6. Nbd2 Qe7 7. e3 Ngxe5 8. Nxe5 Nxe5 9. Be2 0-0 10. 0-0 a5 11. Qc2 d6 12. Rfd1 Bg4 13. Nb3 Bxe2 14. Qxe2 a4 15. Nd4 Nd7 16. Qf3 Nc5 17. Nf5 Qf6 18. Qg4 Ne6 19. Rab1 h5 20. Qxh5 Nxf4 21. exf4 g6 22. Nh6+ Kg7 23. Qg5 Qxg5 24. fxg5 Rae8 25. Ng4 Re4 26. Ne3 Bc5 27. b3 a3 28. Re1 Rfe8 29. Kf1 Bxe3 30. Rxe3 Rxe3 31. fxe3 Rxe3 32. Re1 Rc3 33. Re2 Rc1+ 34. Kf2 c6 35. Rd2 Kf8 36. Ke3 Re1+ 37. Re2 Rxe2+ 38. Kxe2 Ke7 39. Ke3 Ke6 40. Ke4 f6 41. gxf6 Kxf6 42. h4 Kg7 43. g4 Kf7 44. b4 Ke6 45. h5 Kf6 46. h6 g5 47. h7 Kg7 48. Kf5 Kxh7 49. Ke6 Kg7 50. Kxd6 Kf6 51. c5 Kf7 52. Ke5 Kg6 53. Ke6 Kg7 54. Kf5 Kh6 55. Kf6 1-0

[Event "London Classic op 6th"]
[Site "London"]
[Date "2014.12.13"]
[Round "6"]
[White "Cavendish, Joshua"]
[Black "Farkas, Lajos"]
[Result "0-1"]
[WhiteElo "1747"]
[BlackElo "2219"]
[PlyCount "82"]
[EventDate "2014.12.08"]
[EventType "swiss"]
[EventRounds "9"]
[EventCountry "ENG"]
[SourceTitle "CBM 163 Extra"]
[Source "ChessBase"]
[SourceDate "2014.12.23"]
[SourceVersion "1"]
[SourceVersionDate "2014.12.23"]
[SourceQuality "1"]

1. e4 c6 2. d4 d5 3. exd5 cxd5 4. c4 Nf6 5. Nc3 Nc6 6. Bg5 Be6 7. Nf3 h6 8. Bxf6 exf6 9. Qb3 Bb4 10. a3 Bxc3+ 11. bxc3 0-0 12. c5 Re8 13. Be2 Bg4 14. Ra2 Bxf3 15. gxf3 Na5 16. Qb1 b6 17. cxb6 Rb8 18. 0-0 Rxb6 19. Qf5 g6 20. Qh3 Qc8 21. Qxh6 Qxc3 22. Rc1 Qxd4 23. Rd2 Qa4 24. Rd3 f5 25. Kh1 g5 26. Qxg5+ Rg6 27. Qd2 Nc4 28. Qa2 Rge6 29. Rg1+ Kf8 30. Bd1 Qb5 31. Rb3 Qd7 32. Qa1 Ne5 33. f4 Ng6 34. Bh5 d4 35. Rbg3 Qc6+ 36. Bf3 Qc3 37. Qa2 Re1 38. Bd5 Rxg1+ 39. Rxg1 Nxf4 40. Bb7 Re1 41. Bg2 Qc1 0-1

[Event "London Classic op 6th"]
[Site "London"]
[Date "2014.12.13"]
[Round "7"]
[White "Kalerwa, Edwin M"]
[Black "Cavendish, Joshua"]
[Result "0-1"]
[WhiteElo "1840"]
[BlackElo "1747"]
[PlyCount "72"]
[EventDate "2014.12.08"]
[EventType "swiss"]
[EventRounds "9"]
[EventCountry "ENG"]
[SourceTitle "CBM 163 Extra"]
[Source "ChessBase"]
[SourceDate "2014.12.23"]
[SourceVersion "1"]
[SourceVersionDate "2014.12.23"]
[SourceQuality "1"]

1. c4 f5 2. d4 Nf6 3. Nc3 e6 4. g3 Be7 5. Bg2 0-0 6. Nf3 d6 7. 0-0 Qe8 8. Bf4 Nh5 9. Bd2 Nd7 10. b4 e5 11. c5 c6 12. d5 dxc5 13. dxc6 bxc6 14. b5 Bb7 15. Ng5 Bxg5 16. Bxg5 Ndf6 17. Qd6 e4 18. Qxc5 cxb5 19. Qxb5 Bc6 20. Qb3+ Kh8 21. f3 Rb8 22. Qa3 h6 23. Bc1 Qe5 24. f4 Qc7 25. Rb1 Ng4 26. Nd1 Rfd8 27. Rxb8 Rxb8 28. Qc5 Rb5 29. Qc3 Nhf6 30. a4 Nd5 31. Qa3 Rb8 32. h3 Qb6+ 33. Kh1 Ngf6 34. Be3 Qa6 35. Qd6 Rb1 36. Bd4 Qxa4 0-1

[Event "London Classic op 6th"]
[Site "London"]
[Date "2014.12.10"]
[Round "3"]
[White "Haldorsen, Benjamin"]
[Black "Cavendish, Joshua"]
[Result "1-0"]
[WhiteElo "2096"]
[BlackElo "1747"]
[PlyCount "89"]
[EventDate "2014.12.08"]
[EventType "swiss"]
[EventRounds "9"]
[EventCountry "ENG"]
[SourceTitle "CBM 163 Extra"]
[Source "ChessBase"]
[SourceDate "2014.12.23"]
[SourceVersion "1"]
[SourceVersionDate "2014.12.23"]
[SourceQuality "1"]

1. e4 e6 2. d4 d5 3. Nc3 Nf6 4. Bg5 Be7 5. e5 Nfd7 6. h4 c5 7. Bxe7 Kxe7 8. Qg4 Nc6 9. Nf3 cxd4 10. Nxd4 Nxd4 11. Qxd4 Qb6 12. Qxb6 Nxb6 13. 0-0-0 f6 14. Re1 Bd7 15. Bd3 Bc6 16. f4 Nd7 17. Rh3 Kf7 18. Ne2 fxe5 19. fxe5 Nxe5 20. Nd4 Nxd3+ 21. Rxd3 Rhe8 22. Rf3+ Kg8 23. Rfe3 Bd7 24. c3 Rf8 25. Nxe6 Bxe6 26. Rxe6 Rf2 27. Re8+ Rxe8 28. Rxe8+ Kf7 29. Rb8 Rxg2 30. Rxb7+ Kg6 31. Rxa7 Rg4 32. b4 Rc4 33. b5 Rxc3+ 34. Kd2 Rc4 35. b6 Rb4 36. b7 d4 37. a3 Rb2+ 38. Kc1 Rb3 39. Kc2 Rb6 40. a4 Kf5 41. a5 Rb5 42. Kd3 Ke5 43. a6 Kd6 44. Ra8 Kc7 45. Rc8+ 1-0

[Event "BCF-chT3S 1415 (4NCL)"]
[Site "England"]
[Date "2014.11.16"]
[Round "2.97"]
[White "Villiers, Thomas"]
[Black "Cavendish, Joshua"]
[Result "1-0"]
[WhiteElo "2053"]
[BlackElo "1746"]
[PlyCount "69"]
[EventDate "2014.11.15"]
[EventType "team-swiss"]
[EventRounds "6"]
[EventCountry "ENG"]
[SourceTitle "CBM 163 Extra"]
[Source "ChessBase"]
[SourceDate "2014.12.23"]
[SourceVersion "1"]
[SourceVersionDate "2014.12.23"]
[SourceQuality "1"]
[WhiteTeam "West is Best"]
[BlackTeam "Barnet Knights"]
[WhiteTeamCountry "ENG"]
[BlackTeamCountry "ENG"]

1. d4 Nf6 2. c4 e5 3. dxe5 Ng4 4. Nf3 Bc5 5. e3 Nc6 6. Be2 0-0 7. a3 a5 8. Nc3 Re8 9. Qd5 Bf8 10. b3 Ncxe5 11. Nxe5 Nxe5 12. Bb2 c6 13. Qd4 Qg5 14. 0-0 Bc5 15. Qd2 d5 16. f4 Qh6 17. Kh1 Ng6 18. Nd1 Nh4 19. cxd5 Bf5 20. Rc1 Bb6 21. Bf3 Rad8 22. Bd4 Nxf3 23. Rxf3 Bxd4 24. exd4 Be4 25. Rf1 Rxd5 26. Rc5 Red8 27. Rxd5 Rxd5 28. Nc3 Rh5 29. Nxe4 Rxh2+ 30. Kg1 Rh1+ 31. Kf2 Qh4+ 32. Ke2 Qg4+ 33. Ke1 Rh6 34. Qxa5 Qd7 35. Qa8+ 1-0

[Event "BCF-ch Week1 PM op"]
[Site "Aberystwyth"]
[Date "2014.07.22"]
[Round "2"]
[White "Smith, Mark J"]
[Black "Cavendish, Joshua"]
[Result "0-1"]
[WhiteElo "1362"]
[BlackElo "1706"]
[PlyCount "56"]
[EventDate "2014.07.21"]
[EventType "swiss"]
[EventRounds "5"]
[EventCountry "WLS"]
[SourceTitle "EXT 2017"]
[Source "ChessBase"]
[SourceDate "2016.10.25"]
[SourceVersion "1"]
[SourceVersionDate "2016.10.25"]
[SourceQuality "1"]

1. e4 c6 2. d4 d5 3. exd5 cxd5 4. c4 e6 5. Nf3 Nf6 6. Nc3 Nc6 7. cxd5 exd5 8. Bb5 a6 9. Bxc6+ bxc6 10. 0-0 Bg4 11. Re1+ Be7 12. Qe2 Ra7 13. Qe3 Bxf3 14. Qxf3 0-0 15. Qg3 Bd6 16. Qd3 Ra8 17. Bg5 Bxh2+ 18. Kh1 Bc7 19. Re3 h6 20. Bh4 Qd6 21. Bg3 Qd7 22. Bh4 Ng4 23. Re2 f5 24. Rae1 Qd6 25. Bg3 f4 26. f3 fxg3 27. fxg4 Qf6 28. Qe3 Qh4+ 0-1

[Event "BCF-ch U180"]
[Site "Aberystwyth"]
[Date "2014.07.21"]
[Round "1"]
[White "Cavendish, Joshua"]
[Black "Faldon, David J"]
[Result "0-1"]
[WhiteElo "156"]
[BlackElo "173"]
[PlyCount "62"]
[EventDate "2014.07.21"]
[EventType "swiss"]
[EventRounds "5"]
[EventCountry "WLS"]
[SourceTitle "EXT 2017"]
[Source "ChessBase"]
[SourceDate "2016.10.25"]
[SourceVersion "1"]
[SourceVersionDate "2016.10.25"]
[SourceQuality "1"]

1. f4 d5 2. b3 Nc6 3. e3 Bf5 4. Bb5 e6 5. Bb2 Nge7 6. Nf3 a6 7. Be2 h6 8. 0-0 Qd7 9. d3 Bh7 10. Re1 Rg8 11. Nbd2 g5 12. fxg5 hxg5 13. e4 0-0-0 14. Ne5 Nxe5 15. Bxe5 Nc6 16. Bf6 Be7 17. Bxe7 Qxe7 18. exd5 Rxd5 19. Bf3 Rdd8 20. Bxc6 Qc5+ 21. Kh1 Qxc6 22. Nc4 f6 23. Rf1 e5 24. Qg4+ Kb8 25. Rae1 Rgf8 26. Rf2 Bg8 27. Ne3 Rd4 28. Qg3 Be6 29. Ref1 Rf4 30. Re1 Rh8 31. Rfe2 Rh3 0-1

[Event "Hampstead op U2200 11-B"]
[Site "Hampstead"]
[Date "2013.11.30"]
[Round "1"]
[White "Warman, Simon M"]
[Black "Cavendish, Joshua"]
[Result "1-0"]
[WhiteElo "2119"]
[BlackElo "1692"]
[PlyCount "105"]
[EventDate "2013.11.30"]
[EventType "swiss"]
[EventRounds "5"]
[EventCountry "ENG"]
[SourceTitle "EXT 2015"]
[Source "ChessBase"]
[SourceDate "2014.11.20"]
[SourceVersion "1"]
[SourceVersionDate "2014.11.20"]
[SourceQuality "1"]

1. e4 c6 2. d4 d5 3. Nd2 dxe4 4. Nxe4 Bf5 5. Ng3 Bg6 6. Nf3 Nd7 7. Bd3 Bxd3 8. Qxd3 e6 9. 0-0 Ngf6 10. Re1 Be7 11. Bf4 Nd5 12. Bd2 Nb4 13. Qb3 a5 14. Bxb4 axb4 15. Nf5 0-0 16. Nxe7+ Qxe7 17. d5 Nc5 18. Qxb4 cxd5 19. a4 Qc7 20. Nd4 Rfc8 21. Nb5 Qc6 22. b3 Qb6 23. Qd4 Qc6 24. Qf4 Ne4 25. c4 Nf6 26. Rac1 dxc4 27. Rxc4 Qd5 28. Nc7 Qa5 29. b4 Qxa4 30. Nxa8 Rxa8 31. Rec1 h6 32. h3 Rd8 33. Rc7 Rd1+ 34. Kh2 Rxc1 35. Rxc1 Qd7 36. Rc7 Qd5 37. Re7 Qc6 38. Qb8+ Kh7 39. Rxf7 Kg6 40. Rxb7 Nd5 41. Qg3+ Kf5 42. Qg4+ Ke5 43. Qxg7+ Ke4 44. Qg4+ Kd3 45. Qd1+ Ke4 46. Rf7 Qd6+ 47. g3 Qa6 48. Qb1+ Kd4 49. Qb2+ Kc4 50. b5 Qb6 51. Qe2+ Kd4 52. Rf4+ Nxf4 53. Qe3+ 1-0

[Event "Bedford e2e4 U2000"]
[Site "Bedford"]
[Date "2013.09.22"]
[Round "5"]
[White "Cavendish, Joshua"]
[Black "Lavelle, Terry WT"]
[Result "1-0"]
[WhiteElo "1683"]
[BlackElo "1583"]
[PlyCount "56"]
[EventDate "2013.09.20"]
[EventType "swiss"]
[EventRounds "5"]
[EventCountry "ENG"]
[SourceTitle "EXT 2023"]
[Source "ChessBase"]
[SourceDate "2022.10.05"]
[SourceVersion "1"]
[SourceVersionDate "2022.10.05"]
[SourceQuality "1"]

1. e4 c5 2. Nc3 d6 3. Bc4 Nc6 4. f4 g6 5. Nf3 Bg7 6. 0-0 e6 7. Qe1 Nge7 8. d3 a6 9. a3 b5 10. Bb3 Nd4 11. Nxd4 Bxd4+ 12. Kh1 Nc6 13. f5 Bg7 14. Ne2 Ne5 15. Qg3 exf5 16. exf5 Bxf5 17. Rxf5 0-0 18. Rf2 Ra7 19. Bg5 Qd7 20. Bf6 Ng4 21. Bxg7 Nxf2+ 22. Qxf2 Kxg7 23. Rf1 d5 24. Qxc5 Rc7 25. Qd4+ Kg8 26. Nf4 Qg4 27. Qe5 Rcc8 28. Nxd5 Qg5 1-0

[Event "Hampstead op U2200 02"]
[Site "Hampstead"]
[Date "2013.02.17"]
[Round "5"]
[White "Crichton, Martin"]
[Black "Cavendish, Joshua"]
[Result "1-0"]
[WhiteElo "1962"]
[BlackElo "1654"]
[PlyCount "65"]
[EventDate "2013.02.16"]
[EventType "swiss"]
[EventRounds "5"]
[EventCountry "ENG"]
[SourceTitle "EXT 2014"]
[Source "ChessBase"]
[SourceDate "2013.11.20"]
[SourceVersion "1"]
[SourceVersionDate "2013.11.20"]
[SourceQuality "1"]

1. e4 e6 2. d3 d5 3. Nd2 c5 4. Ngf3 Nc6 5. g3 Qc7 6. Bg2 h6 7. 0-0 Be7 8. c3 Bd7 9. Re1 0-0-0 10. a3 g5 11. exd5 exd5 12. d4 g4 13. Ne5 Nxe5 14. Rxe5 Be6 15. Nf1 Bd6 16. Bf4 Ne7 17. Ne3 Rhg8 18. Nxd5 Nxd5 19. Bxd5 Bxe5 20. Bxe5 Qe7 21. Bxe6+ Qxe6 22. b4 c4 23. b5 h5 24. Qa4 a6 25. Rb1 f6 26. Bf4 Rge8 27. Qb4 axb5 28. Qxb5 Qd5 29. Qa4 b5 30. Qa6+ Kd7 31. Qa7+ Ke6 32. Re1+ Kf5 33. Qh7# 1-0